|
|
|
|
| LEADER |
00842cam a2200229 7i4500 |
| 001 |
0000037677 |
| 005 |
20170218090000.0 |
| 020 |
|
|
|a 9781598638028 (pbk.)
|
| 020 |
|
|
|a 1598638025 (pbk.)
|
| 090 |
0 |
0 |
|a TR267.P4
|b B83 2009
|
| 100 |
1 |
|
|a Busch, David D
|
| 245 |
1 |
0 |
|a David Busch's Pentax K200D :
|b guide to digital SLR photography
|c David D. Busch, Matthew Bamberg.
|
| 260 |
|
|
|a Boston, MA:
|b Course Technology,
|c 2009.
|
| 300 |
|
|
|a xx, 323 p.:
|b col. ill.;
|c 24 cm.
|
| 650 |
0 |
0 |
|a Photograph --
|x Digital techniques
|
| 650 |
0 |
0 |
|a Pentax cameras
|
| 650 |
0 |
0 |
|a Digital cameras
|
| 650 |
0 |
0 |
|a Single-lens reflex cameras
|
| 700 |
1 |
|
|a Bamberg, Matthew
|
| 997 |
|
|
|a Communication, Visual Art & Computing, Faculty
|b Visual Art, Department
|
| 998 |
|
|
|a Photographic Technology, Diploma
|
| 999 |
|
|
|a 0000044343
|b BOK
|c OPEN SHELF
|e 2nd Floor, Bestari Jaya
|